Islamabad Int. Airport Destinations (Islamabad, Pakistan) - Map - Statistics

General Stats
  • This quiz has been taken 32 times
  • The average score is 32 of 41
Answers on the Map
Answers color-coded by a green-red scale on the quiz's map according to % correct below.
 
Answer Stats
Destination % Correct
Baghdad
100%
Doha
100%
Dubai (International)
100%
Istanbul
100%
London (Gatwick)
100%
London (Heathrow)
100%
Manchester
100%
Muscat
100%
Paris (Charles de Gaulle)
100%
Abu Dhabi
96%
Jeddah
96%
Kuwait City
96%
Riyadh
96%
Baku
92%
Kabul
92%
Karachi
92%
Medina
92%
Tehran (Imam Khomeini)
92%
Ürümqi
92%
Bangkok (Suvarnabhumi)
88%
Beijing (Capital)
88%
Beijing (Daxing)
88%
Bishkek
88%
Dammam
88%
Kuala Lumpur (International)
88%
Guangzhou
85%
Tashkent
81%
Bahrain
77%
Sharjah
77%
Dushanbe
69%
Toronto (Pearson)
65%
Najaf
58%
Ras Al Khaimah
58%
Al Ain
54%
Quetta
54%
Kashgar
27%
Gilgit
23%
Skardu
19%
Sukkur
15%
Gassim
12%
Chitral
8%
No matching quizzes found
Score Distribution
Percent of People with Each Score
Percentile by Number Answered
Your Score History
You have not taken this quiz